=LDR 00000nam 2200000 4500 =001 INLIS000000000027405 =005 20130612125802 =008 ***********************************Ind** =035 ##$$0010-061300000027405 =041 ##$$a Ind =082 ##$$a 493.707 =090 ##$$a 493.707, Hae p =100 ##$$a Haetami,Iqbal =245 ##$$a Penulisan belajar bahasa arab =260 ##$$a 2005 $b Jakarta =300 ##$$a viii,155 hlm, ilus, 19 cm =650 ##$$a Bahasa arab-Studi dan pengajaran =700 ##$$a Haetami,Dzulfikar =850 ##$$a NBPNMAT